000 00798nam a22002297a 4500
999 _c169464
_d169464
005 20191121114608.0
010 _aENG-126952
020 _a9789389146820
_c500.00
035 _aEN-110484
037 _bDBAD/PUB
082 _a330.9
245 _aDigital innovation- a transformative tool for economic growth /
_ced. by P. Maria Sahaya Rossiyana...[et al]
260 _aMadurai
_bShanlax Publications
_c2019
270 _a61,66 T.P.K. Main road, Vasantha Nagar, Tamilnadu, India
_bMadurai
_e625003
_mpublisher@shanlaxpublications.com
300 _a221p.
_c24cm(pbk)
500 _aIncludes bibliographical references
700 _aRossiyana, P. Maria Sahaya
700 _aSony, O.
700 _aPriyanka, T.
700 _aRegi, S. Bulomine
942 _2ddc
_cEN
_h330.9
_mDIG